Les prénoms des médaillés olympiques français JO 2024 - Statistiques

Statistiques générales
  • Ce quiz a été pris 180 fois
  • Le résultat moyen est 70 sur 163
Statistiques - réponses
Discipline Médaille Initiale Prénom et nom % Correct
Triathlon 1 Bronze L {Léo} Bergère
92%
Natation 4 Or et 1 Bronze L {Léon} Marchand
87%
Judo 2 Or T {Teddy} Riner
87%
Basket H 1 Argent N {Nicolas} Batum
86%
Canoë-Kayak 1 Or N {Nicolas} Gestin
86%
Volley H 1 Or N {Nicolas} Le Goff
86%
Equitation 1 Argent N {Nicolas} Touzaint
86%
VTT 1 Argent V {Victor} Koretzky
84%
Basket H 1 Argent V {Victor} Wembanyama
84%
Natation 2 Bronze F {Florent} Manaudou
83%
BMX 1 Bronze R {Romain} Mahieu
81%
Basket F 1 Argent R {Romane} Bernies
81%
Judo 1 Or et 1 Bronze R {Romane} Dicko
81%
Volley H 1 Or A {Antoine} Brizard
78%
Rugby à VII H 1 Or A {Antoine} Dupont
78%
Rugby à VII H 1 Or A {Antoine} Zeghdar
78%
Volley H 1 Or J {Jean} Patry
78%
Judo 1 Or et 1 Bronze C {Clarisse} Agbegnenou
74%
Natation 1 Bronze M {Maxime} Grousset
74%
Escrime 1 Bronze M {Maxime} Pauty
74%
Escrime 1 Bronze M {Maxime} Pianfetti
74%
Rugby à VII H 1 Or P {Paulin} Riva
72%
Escrime 1 Argent S {Sara} Balzer
72%
Basket H 1 Argent R {Rudy} Gobert
71%
Basket H 1 Argent E {Evan} Fournier
70%
Tennis de table 2 Bronze F {Félix} Lebrun
68%
Tennis de table 1 Bronze A {Alexis} Lebrun
67%
Handball F 1 Argent S {Sarah} Bouktit
67%
Basket F 1 Argent S {Sarah} Michel
67%
Cyclisme 1 Or B {Benjamin} Thomas
66%
Volley H 1 Or B {Benjamin} Toniutti
66%
Escrime 1 Bronze E {Enzo} Lefort
66%
Football H 1 Argent E {Enzo} Millot
66%
VTT 1 Or P {Pauline} Ferrand-Prévot
66%
Cyclisme sur route 1 Argent V {Valentin} Madouas
65%
Judo 1 Or et 1 Bronze A {Amandine} Buchard
62%
Equitation 1 Bronze S {Simon} Delestre
62%
Tennis de table 1 Bronze S {Simon} Gauzy
62%
Football H 1 Argent A {Alexandre} Lacazette
60%
Football H 1 Argent J {Joris} Chotard
60%
BMX 1 Or J {Joris} Daudet
60%
Cyclisme sur route 1 Bronze C {Christophe} Laporte
59%
Escrime 1 Or M {Manon} Apithy-Brunet
57%
Basket F 1 Argent M {Marine} Fauthoux
57%
Basket F 1 Argent M {Marine} Johannès
57%
Tir à l'arc 1 Argent T {Thomas} Chirault
54%
Escrime 1 Argent Y {Yannick} Borel
54%
BMX 1 Bronze A {Anthony} Jeanjean
53%
Triathlon 1 Or C {Cassandre} Beaugrand
53%
Boxe 1 Argent B {Billal} Bennama
52%
Basket H 1 Argent L {Lucas} Dussoulier
52%
Basket H 1 Argent N {Nando} de Colo
52%
Judo 1 Or et 1 Argent L {Luka} Mikheidze
51%
Basket H 1 Argent B {Bilal} Coulibaly
50%
Volley H 1 Or E {Earvin} Ngapeth
50%
Basket H 1 Argent F {Franck} Seguela
50%
Basket H 1 Argent F {Frank} Ntilikina
50%
Football H 1 Argent J {Johann} Lepenant
50%
Handball F 1 Argent L {Laura} Flippes
50%
Handball F 1 Argent L {Laura} Glauser
50%
Judo 1 Or et 1 Bronze SL {Sarah-Léonie} Cysique
50%
Canoë-Kayak 1 Argent T {Titouan} Castryck
50%
Judo 1 Or et 1 Argent J-B {Joan-Benjamin} Gaba
49%
Volley H 1 Or K {Kévin} Tillie
49%
Natation 1 Argent A {Anastasiia} Kirpichnikova
47%
Tir à l'arc 1 Bronze L {Lisa} Barbelin
46%
Football H 1 Argent D {Désiré} Doué
45%
Football H 1 Argent G {Guillaume} Restes
45%
Football H 1 Argent JP {Jean-Philippe} Mateta
45%
Escrime 1 Bronze JP {Jean-Philippe} Patrice
45%
Basket H 1 Argent J {Jules} Rambaut
45%
Surf 1 Or K {Kauli} Vaast
45%
Football H 1 Argent R {Rayan} Cherki
45%
Rugby à VII H 1 Or R {Rayan} Rebbadj
45%
Boxe 1 Argent S {Sofiane} Oumiha
45%
Natation 1 Bronze Y {Yohann} Ndoye-Brouard
45%
Football H 1 Argent A {Arnaud} Kalimuendo
44%
Handball F 1 Argent C {Chloé} Valentini
42%
Basket F 1 Argent G {Gabby} Williams
42%
Athlétisme 1 Argent C {Cyréna} Samba-Mayela
41%
Equitation 1 Argent K {Karim} Laghouag
41%
Escrime 2 Argent A {Auriane} Mallo-Breton
40%
Natation 1 Bronze C {Clément} Secchi
40%
Volley H 1 Or Q {Quentin} Jouffroy
40%
BMX 1 Argent S {Sylvain} André
40%
Volley H 1 Or T {Trévor} Clévenot
40%
Tir 1 Argent C {Camille} Jedrzejewski
39%
Volley H 1 Or T {Théo} Faure
39%
Rugby à VII H 1 Or T {Théo} Forner
39%
Rugby à VII H 1 Or S {Stephen} Parez
38%
Tir à l'arc 1 Argent B {Baptiste} Addis
37%
Voile 1 Bronze C {Charline} Picon
37%
Football H 1 Argent L {Loïc} Badé
37%
Basket H 1 Argent M {Mathias} Lessort
37%
Judo 1 Or et 1 Bronze S {Shirine} Boukli
37%
Football H 1 Argent A {Adrien} Truffert
36%
Handball F 1 Argent E {Estelle} Nze Minko
36%
Escrime 1 Bronze S {Sébastien} Patrice
36%
Basket H 1 Argent I {Isaïa} Cordinier
35%
Tir à l'arc 1 Argent JC {Jean-Charles} Valladont
35%
Basket H 1 Argent G {Guerschon} Yabusele
34%
Football H 1 Argent M {Manu} Koné
34%
Judo 1 Or ME {Marie-Eve} Gahié
34%
Taekwondo 1 Or A {Althéa} Laurin
33%
Surf 1 Bronze J {Johanne} Defay
33%
Judo 1 Or M {Madeleine} Malonga
33%
Canoë-Kayak 1 Argent A {Angèle} Hug
32%
Equitation 1 Bronze O {Olivier} Perreau
32%
Volley H 1 Or B {Barthélémy} Chinenyeze
31%
Escrime 1 Bronze J {Julien} Mertine
31%
Football H 1 Argent A {Andy} Diouf
29%
Rugby à VII H 1 Or A {Andy} Timo
29%
Rugby à VII H 1 Or J {Jordan} Sepho
29%
Handball F 1 Argent T {Tamara} Horacek
29%
Basket H 1 Argent A {Andrew} Albicy
28%
Taekwondo 1 Bronze C {Cyrian} Ravet
28%
Basket H 1 Argent M {Matthew} Strazel
28%
Judo 1 Or A {Aurélien} Diesse
27%
Football H 1 Argent C {Castello} Lukeba
27%
Handball F 1 Argent L {Lucie} Granier
26%
Football H 1 Argent B {Bradley} Locko
25%
Equitation 1 Argent S {Stéphane} Landois
25%
Basket H 1 Argent T {Timothé} Vergiat
25%
Basket F 1 Argent V {Valeriane} Ayayi
25%
Basket F 1 Argent I {Iliana} Rupert
24%
Judo 1 Or et 1 Bronze MG {Maxime-Gaël} Ngayap Hambou
24%
Handball F 1 Argent P {Pauletta} Foppa
24%
Escrime 1 Bronze B {Boladé} Apithy
23%
Rugby à VII H 1 Or JP {Jean-Pascal} Barraque
23%
Volley H 1 Or J {Jenia} Grebennikov
22%
Handball F 1 Argent L {Lena} Grandveau
22%
Football H 1 Argent M {Maghnes} Akliouche
22%
Basket F 1 Argent A {Alexia} Chartereau
20%
Handball F 1 Argent A {Alicia} Toublanc
20%
Handball F 1 Argent C {Coralie} Lassource
20%
Basket F 1 Argent D {Dominique} Malonga
20%
Handball F 1 Argent O {Orlane} Kanor
20%
Volley H 1 Or Y {Yacine} Louati
20%
Escrime 1 Argent A {Alexandra} Louis-Marie
19%
Handball F 1 Argent M {Méline} Nocandy
19%
Rugby à VII H 1 Or N {Nelson} Epée
19%
Judo 1 Or W {Walide} Khyar
18%
Rugby à VII H 1 Or A {Aaron} Grandidier
17%
Voile 1 Argent L {Lauriane} Nolot
17%
Basket F 1 Argent L {Leïla} Lacan
17%
Escrime 1 Argent MF {Marie-Florence} Candassamy
17%
Natation 1 Bronze R {Rafael} Fente-Damers
15%
Escrime 1 Argent C {Coraline} Vitalis
14%
Basket F 1 Argent J {Janelle} Salaün
14%
Boxe 1 Bronze DD {Djamili-Dini} Aboudou Moindze
13%
Breaking 1 Argent D {Danis} Civil
12%
Escrime 1 Bronze M {Maximilien} Chastanet
12%
Rugby à VII H 1 Or V {Varian} Pasquet
12%
Judo 1 Or AO {Alpha Oumar} Djalo
11%
Rugby à VII H 1 Or JL {Jefferson-Lee} Joseph
10%
Basket F 1 Argent M {Marième} Badiane
10%
Football H 1 Argent C {Chrislain} Matsima
9%
Handball F 1 Argent H {Hatadou} Sako
9%
Football H 1 Argent K {Kiliann} Sildillia
9%
Football H 1 Argent O {Obed} Nkambadio
8%
Football H 1 Argent M [Michael} Olise
7%
Football H 1 Argent S {Soungoutou} Magassa
7%
Equitation 1 Bronze J {Julien] Epaillard
4%
Aucun quiz correspondant
Distribution des résultats
% des personnes avec chaque résultat
Percentile par nombre de réponses
Votre historique - résultats
Vous n’avez pas pris ce quiz